Normal view
MARC view
- الطائي،محمد عبد حسين، م.مشارك تيسير محمد العجارمة
Entry Personal Name
001 - CONTROL NUMBER
- control field: 57199
003 - CONTROL NUMBER IDENTIFIER
- control field: JO-AjAnu
005 - DATE AND TIME OF LATEST TRANSACTION
- control field: 20230606083352.0
008 - FIXED-LENGTH DATA ELEMENTS
- fixed length control field: 230606|| aca||aabn | a|a d
040 ## - CATALOGING SOURCE
- Original cataloging agency: JO-AjAnu
- Transcribing agency: JO-AjAnu
100 ## - HEADING--PERSONAL NAME
- Personal name: الطائي،محمد عبد حسين، م.مشارك تيسير محمد العجارمة
670 ## - SOURCE DATA FOUND
- Source citation: Work cat.: (JO-AjAnu)29185: الطائي،محمد عبد حسين، م.مشارك تيسير محمد العجارمة, author, نظم المعلومات التسويقية : مدخل إلى تكنولوجيا المعلومات